000 00580nam a2200217Ia 4500
003 GCL
008 140319s9999 xx 000 0 eng d
020 _a1857151569
040 _aGCL /
_cGCL
082 0 4 _a823
_bW D
100 1 _aKERMODE, FRANK
245 1 0 _aDECLINE AND FALL /
_cKERMODE, FRANK
700 1 _aWAUGH, EVELYN
260 _aانجلترا :
_bEVERYMAN'S LIBRARY ،
_c1993
300 _a21 CM ؛
_cXXXV, 185 P
490 _aTHE MILLENNIUM LIBRARY
_v156
650 0 4 _aENGLISH LITERATURE
650 0 4 _aLITERATURE
650 0 4 _aENGLISH FICTION
942 _2ddc
_cBK
999 _c5133
_d5133